All 1008 Categories - Statistics

General Stats
  • This quiz has been taken 5 times
  • The average score is 39 of 1034
Answer Stats
Pokemon Category % Correct
Bulbasaur Seed
67%
Ivysaur Seed
67%
Kleavor Axe
33%
Basculegion Big Fish
33%
Wyrdeer Big Horn
33%
Gimmighoul-Chest Coin Chest
33%
Gholdengo Coin Entity
33%
Gimmighoul-Roaming Coin Hunter
33%
Tandemaus Couple
33%
Quaquaval Dancer
33%
Dachsbun Dog
33%
Finizen Dolphin
33%
Palafin Dolphin
33%
Regidrago Dragon Orb
33%
Quaxly Duckling
33%
Regieleki Electron
33%
Bellibolt EleFrog
33%
Tadbulb EleTadpole
33%
Maushold Family
33%
Ceruledge Fire Blades
33%
Charcadet Fire Child
33%
Fuecoco Fire Croc
33%
Crocalor Fire Croc
33%
Armarouge Fire Warrior
33%
Sneasler Free Climb
33%
Kilowattrel Frigatebird
33%
Flittle Frill
33%
Wiglett Garden Eel
33%
Wugtrio Garden Eel
33%
Greavard Ghost Dog
33%
Houndstone Ghost Dog
33%
Eternatus Gigantic
33%
Sprigatito Grass Cat
33%
Floragato Grass Cat
33%
Nymble Grasshopper
33%
Lokix Grasshopper
33%
Pawmot Hands-On
33%
Palafin-Hero Hero
33%
Ice Rider" High King
33%
Shadow Rider" High King
33%
Lechonk Hog
33%
Oinkologne Hog
33%
Baxcalibur Ice Dragon
33%
Frigibax Ice Fin
33%
Arctibax Ice Fin
33%
Bombirdier Item Drop
33%
Veluza Jettison
33%
Calyrex King
33%
Dudunsparce Land Snake
33%
Charmander Lizard
33%
Farigiraf Long Neck
33%
Enamorus Love-Hate
33%
Meowscarada Magician
33%
Cyclizar Mount
33%
Pawmi Mouse
33%
Pawmo Mouse
33%
Revavroom Multi-Cyl
33%
Smoliv Olive
33%
Dolliv Olive
33%
Arboliva Olive
33%
Glimmet Ore
33%
Glimmora Ore
33%
Espathra Ostrich
33%
Great Tusk Paradox
33%
Scream Tail Paradox
33%
Brute Bonnet Paradox
33%
Flutter Mane Paradox
33%
Slither Wing Paradox
33%
Sandy Shocks Paradox
33%
Iron Treads Paradox
33%
Iron Bundle Paradox
33%
Iron Hands Paradox
33%
Iron Jugulis Paradox
33%
Iron Moth Paradox
33%
Iron Thorns Paradox
33%
Roaring Moon Paradox
33%
Iron Valiant Paradox
33%
Koraidon Paradox
33%
Miraidon Paradox
33%
Squawkabilly Parrot
33%
Ursaluna Peat
33%
Overqwil Pin Cluster
33%
Quaxwell Practicing
33%
Fidough Puppy
33%
Annihilape Rage Monkey
33%
Nacli Rock Salt
33%
Naclstack Rock Salt
33%
Garganacl Rock Salt
33%
Zarude Rogue Monkey
33%
Rellor Rolling
33%
Wo-Chien Ruinous
33%
Chien-Pao Ruinous
33%
Ting-Lu Ruinous
33%
Chi-Yu Ruinous
33%
Venusaur Seed
33%
Skeledirge Singer
33%
Varoom Single-Cyl
33%
Capsakid Spicy Pepper
33%
Scovillain Spicy Pepper
33%
Clodsire Spiny Fish
33%
Wattrel Storm Petrel
33%
Tarountula String Ball
33%
Spectrier Swift Horse
33%
Flamigo Synchronize
33%
Cetoddle Terra Whale
33%
Cetitan Terra Whale
33%
Grafaiai Toxic Monkey
33%
Shroodle Toxic Mouse
33%
Spidops Trap
33%
Bramblin Tumbleweed
33%
Brambleghast Tumbleweed
33%
Glastrier Wild Horse
33%
Toedscool Woodear
33%
Toedscruel Woodear
33%
Kubfu Wushu
33%
Urshifu Wushu
33%
Landorus Abundance
0%
Seedot Acorn
0%
Duraludon Alloy
0%
Arceus Alpha
0%
Klawf Ambush
0%
Chinchou Angler
0%
Heatmor Anteater
0%
Dedenne Antenna
0%
Trapinch Ant Pit
0%
Applin Apple Core
0%
Appletun Apple Nectar
0%
Flapple Apple Wing
0%
Marill Aqua Mouse
0%
Azumarill Aqua Rabbit
0%
Donphan Armor
0%
Tyranitar Armor
0%
Skarmory Armor Bird
0%
Hariyama Arm Thrust
0%
Decidueye Arrow Quill
0%
Magearna Artificial
0%
Gothitelle Astral Body
0%
Gyarados Atrocious
0%
Joltik Attaching
0%
Lucario Aura
0%
Suicune Aurora
0%
Golett Automaton
0%
Golurk Automaton
0%
Sigilyph Avianoid
0%
Fraxure Axe Jaw
0%
Haxorus Axe Jaw
0%
Toxel Baby
0%
Pineco Bagworm
0%
Forretress Bagworm
0%
Burmy Bagworm
0%
Wormadam Bagworm
0%
Voltorb Ball
0%
Electrode Ball
0%
Jigglypuff Balloon
0%
Wigglytuff Balloon
0%
Igglybuff Balloon
0%
Qwilfish Balloon
0%
Drifloon Balloon
0%
Sealeo Ball Roll
0%
Wailmer Ball Whale
0%
Zoroark-Hisui Baneful Fox
0%
Cradily Barnacle
0%
Mr. Mime Barrier
0%
Bouffalant Bash Buffalo
0%
Zubat Bat
0%
Golbat Bat
0%
Crobat Bat
0%
Woobat Bat
0%
Charjabug Battery
0%
Braviary-Hisui Battle Cry
0%
Fearow Beak
0%
Thwackey Beat
0%
Bibarel Beaver
0%
Dusclops Beckon
0%
Cutiefly Bee Fly
0%
Ribombee Bee Fly
0%
Vespiquen Beehive
0%
Chingling Bell
0%
Kingambit Big Blade
0%
Honchkrow Big Boss
0%
Dondozo Big Catfish
0%
Munchlax Big Eater
0%
Stoutland Big-Hearted
0%
Stantler Big Horn
0%
Totodile Big Jaw
0%
Croconaw Big Jaw
0%
Feraligatr Big Jaw
0%
Stonjourner Big Rock
0%
Loudred Big Voice
0%
Pidgeotto Bird
0%
Pidgeot Bird
0%
Poochyena Bite
0%
Mightyena Bite
0%
Drednaw Bite
0%
Shellder Bivalve
0%
Cloyster Bivalve
0%
Clamperl Bivalve
0%
Sinistea Black Tea
0%
Polteageist Black Tea
0%
Gallade Blade
0%
Dartrix Blade Quill
0%
Magmortar Blast
0%
Turtonator Blast Turtle
0%
Blaziken Blaze
0%
Darmanitan Blazing
0%
Darmanitan-Galar-Zen Blazing
0%
Drifblim Blimp
0%
Obstagoon Blocking
0%
Lurantis Bloom Sickle
0%
Cherrim Blossom
0%
Thundurus Bolt Strike
0%
Marowak Bone Keeper
0%
Mandibuzz Bone Vulture
0%
Bonsly Bonsai
0%
Mabosstiff Boss
0%
Spoink Bounce
0%
Kyurem Boundary
0%
Roserade Bouquet
0%
Crabrawler Boxing
0%
Wynaut Bright
0%
Bronzor Bronze
0%
Bronzong Bronze Bell
0%
Sharpedo Brutal
0%
Hydreigon Brutal
0%
Mareanie Brutal Star
0%
Toxapex Brutal Star
0%
Froakie Bubble Frog
0%
Frogadier Bubble Frog
0%
Vaporeon Bubble Jet
0%
Budew Bud
0%
Carnivine Bug Catcher
0%
Trumbeak Bugle Beak
0%
Petilil Bulb
0%
Grimmsnarl Bulk Up
0%
Butterfree Butterfly
0%
Beautifly Butterfly
0%
Cacnea Cactus
0%
Maractus Cactus
0%
Hatenna Calm
0%
Litwick Candle
0%
Toucannon Cannon
0%
Ludicolo Carefree
0%
Drakloak Caretaker
0%
Alomomola Caring
0%
Zangoose Cat Ferret
0%
Glameow Catty
0%
Escavalier Cavalry
0%
Gabite Cave
0%
Druddigon Cave
0%
Terrakion Cavern
0%
Solosis Cell
0%
Venipede Centipede
0%
Elgyem Cerebral
0%
Beheeyem Cerebral
0%
Skwovet Cheeky
0%
Plusle Cheering
0%
Minun Cheering
0%
Cherubi Cherry
0%
Torchic Chick
0%
Cubchoo Chill
0%
Chimchar Chimp
0%
Grookey Chimp
0%
Minccino Chinchilla
0%
Karrablast Clamping
0%
Spheal Clap
0%
Persian Classy Cat
0%
Baltoy Clay Doll
0%
Claydol Clay Doll
0%
Yanma Clear Wing
0%
Torkoal Coal
0%
Rolycoly Coal
0%
Carkol Coal
0%
Coalossal Coal
0%
Arbok Cobra
0%
Exeggutor Coconut
0%
Metapod Cocoon
0%
Kakuna Cocoon
0%
Silcoon Cocoon
0%
Cascoon Cocoon
0%
Cofagrigus Coffin
0%
Barbaracle Collective
0%
Kecleon Color Swap
0%
Regigigas Colossal
0%
Keldeo Colt
0%
Mr. Rime Comedian
0%
Nosepass Compass
0%
Probopass Compass
0%
Gigalith Compressed
0%
Meowstic Constraint
0%
Groudon Continent
0%
Torterra Continent
0%
Cufant Copperderm
0%
Copperajah Copperderm
0%
Corsola Coral
0%
Cursola Coral
0%
Swablu Cotton Bird
0%
Eldegoss Cotton Bloom
0%
Swirlix Cotton Candy
0%
Cottonee Cotton Puff
0%
Hoppip Cottonweed
0%
Skiploom Cottonweed
0%
Jumpluff Cottonweed
0%
Swoobat Courting
0%
Milcery Cream
0%
Alcremie Cream
0%
Kricketot Cricket
0%
Kricketune Cricket
0%
Articuno-Galar Cruel
0%
Liepard Cruel
0%
Cryogonal Crystallizing
0%
Whirlipede Curlipede
0%
Tornadus Cyclone
0%
Mr. Mime-Galar Dancing
0%
Oricorio Dancing
0%
Houndour Dark
0%
Houndoom Dark
0%
Murkrow Darkness
0%
Sableye Darkness
0%
Pangoro Daunting
0%
Mawile Deceiver
0%
Zekrom Deep Black
0%
Huntail Deep Sea
0%
Delibird Delivery
0%
Sandile Desert Croc
0%
Krokorok Desert Croc
0%
Tyrantrum Despot
0%
Yveltal Destruction
0%
Purrloin Devious
0%
Morgrem Devious
0%
Vullaby Diapered
0%
Bunnelby Digging
0%
Diggersby Digging
0%
Absol Disaster
0%
Manectric Discharge
0%
Dewott Discipline
0%
Mimikyu Disguise
0%
Lugia Diving
0%
Hoopa Unbound" Djinn
0%
Deoxys DNA
0%
Boltund Dog
0%
Mudbray Donkey
0%
Slowpoke Dopey
0%
Mudsdale Draft Horse
0%
Horsea Dragon
0%
Seadra Dragon
0%
Dratini Dragon
0%
Dragonair Dragon
0%
Dragonite Dragon
0%
Kingdra Dragon
0%
Salamence Dragon
0%
Goodra Dragon
0%
Kartana Drawn Sword
0%
Munna Dream Eater
0%
Nidoqueen Drill
0%
Nidoking Drill
0%
Rhydon Drill
0%
Rhyperior Drill
0%
Musharna Drowsing
0%
Komala Drowsing
0%
Rillaboom Drummer
0%
Psyduck Duck
0%
Golduck Duck
0%
Rufflet Eaglet
0%
Orthworm Earthworm
0%
Exeggcute Egg
0%
Chansey Egg
0%
Trevenant Elder Tree
0%
Electabuzz Electric
0%
Zapdos Electric
0%
Elekid Electric
0%
Blitzle Electrified
0%
Tynamo EleFish
0%
Eelektrik EleFish
0%
Eelektross EleFish
0%
Galvantula EleSpider
0%
Pachirisu EleSquirrel
0%
Riolu Emanation
0%
Simisear Ember
0%
Fletchinder Ember
0%
Gardevoir Embrace
0%
Kirlia Emotion
0%
Mesprit Emotion
0%
Indeedee Emotion
0%
Empoleon Emperor
0%
Shelgon Endurance
0%
Latias Eon
0%
Latios Eon
0%
Camerupt Eruption
0%
Eevee Evolution
0%
Masquerain Eyeball
0%
Glalie Face
0%
Clefairy Fairy
0%
Clefable Fairy
0%
Snubbull Fairy
0%
Granbull Fairy
0%
Gliscor Fang Scorpion
0%
Seviper Fang Snake
0%
Ralts Feeling
0%
Litten Fire Cat
0%
Torracat Fire Cat
0%
Volbeat Firefly
0%
Illumise Firefly
0%
Ponyta Fire Horse
0%
Rapidash Fire Horse
0%
Cyndaquil Fire Mouse
0%
Tepig Fire Pig
0%
Pignite Fire Pig
0%
Blacephalon Fireworks
0%
Archen First Bird
0%
Archeops First Bird
0%
Magikarp Fish
0%
Feebas Fish
0%
Ledyba Five Star
0%
Ledian Five Star
0%
Gothita Fixation
0%
Stufful Flailing
0%
Charmeleon Flame
0%
Charizard Flame
0%
Flareon Flame
0%
Moltres Flame
0%
Infernape Flame
0%
Shinx Flash
0%
Frillish Floating
0%
Jellicent Floating
0%
Wailord Float Whale
0%
Vileplume Flower
0%
Bellsprout Flower
0%
Bellossom Flower
0%
Lilligant Flowering
0%
Gossifleur Flowering
0%
Weepinbell Flycatcher
0%
Victreebel Flycatcher
0%
Gligar Fly Scorpion
0%
Spiritomb Forbidden
0%
Sceptile Forest
0%
Falinks Formation
0%
Samurott Formidable
0%
Aerodactyl Fossil
0%
Dracozolt Fossil
0%
Arctozolt Fossil
0%
Dracovish Fossil
0%
Arctovish Fossil
0%
Vulpix Fox
0%
Ninetales Fox
0%
Fennekin Fox
0%
Braixen Fox
0%
Delphox Fox
0%
Nickit Fox
0%
Thievul Fox
0%
Aromatisse Fragrance
0%
Articuno Freeze
0%
Beartic Freezing
0%
Glaceon Fresh Snow
0%
Vanillite Fresh Snow
0%
Politoed Frog
0%
Frosmoth Frost Moth
0%
Snover Frost Tree
0%
Abomasnow Frost Tree
0%
Tropius Fruit
0%
Bounsweet Fruit
0%
Steenee Fruit
0%
Tsareena Fruit
0%
Florges Garden
0%
Gastly Gas
0%
Haunter Gas
0%
Klink Gear
0%
Klang Gear
0%
Klinklang Gear
0%
Helioptile Generator
0%
Heliolisk Generator
0%
Mewtwo Genetic
0%
Simipour Geyser
0%
Typhlosion-Hisui Ghost Flame
0%
Luxray Gleam Eyes
0%
Marshadow Gloomdweller
0%
Xurkitree Glowing
0%
Bruxish Gnash Teeth
0%
Goldeen Goldfish
0%
Seaking Goldfish
0%
Virizion Grassland
0%
Pansage Grass Monkey
0%
Rowlet Grass Quill
0%
Snivy Grass Snake
0%
Servine Grass Snake
0%
Shaymin Gratitude
0%
Greedent Greedy
0%
Dusknoir Gripper
0%
Grotle Grove
0%
Runerigus Grudge
0%
Cramorant Gulp
0%
Makuhita Guts
0%
Weedle Hairy Bug
0%
Tinkatuff Hammer
0%
Tinkaton Hammer
0%
Hitmontop Handstand
0%
Togetic Happiness
0%
Blissey Happiness
0%
Golisopod Hard Scale
0%
Pupitar Hard Shell
0%
Cranidos Head Butt
0%
Rampardos Head Butt
0%
Audino Hearing
0%
Hippowdon Heavyweight
0%
Incineroar Heel
0%
Meganium Herb
0%
Slowbro Hermit Crab
0%
Meltan Hex Nut
0%
Melmetal Hex Nut
0%
Slowking-Galar Hexpert
0%
Ursaring Hibernator
0%
Pansear High Temp
0%
Hippopotas Hippo
0%
Scrafty Hoodlum
0%
Basculin Hostile
0%
Zweilous Hostile
0%
Clawitzer Howitzer
0%
Jynx Human Shape
0%
Altaria Humming
0%
Drowzee Hypnosis
0%
Hypno Hypnosis
0%
Regice Iceberg
0%
Avalugg Iceberg
0%
Walrein Ice Break
0%
Bergmite Ice Chunk
0%
Vanillish Icy Snow
0%
Morelull Illuminating
0%
Shiinotic Illuminating
0%
Zoroark Illusion Fox
0%
Sudowoodo Imitation
0%
Venonat Insect
0%
Sylveon Intertwining
0%
Krookodile Intimidation
0%
Deino Irate
0%
Registeel Iron
0%
Durant Iron Ant
0%
Aron Iron Armor
0%
Lairon Iron Armor
0%
Aggron Iron Armor
0%
Beldum Iron Ball
0%
Metang Iron Claw
0%
Metagross Iron Leg
0%
Steelix Iron Snake
0%
Cobalion Iron Will
0%
Tentacool Jellyfish
0%
Tentacruel Jellyfish
0%
Remoraid Jet
0%
Octillery Jet
0%
Carbink Jewel
0%
Diancie Jewel
0%
Lombre Jolly
0%
Togekiss Jubilee
0%
Throh Judo
0%
Grapploct Jujitsu
0%
Guzzlord Junkivore
0%
Sawk Karate
0%
Klefki Key Ring
0%
Hitmonlee Kicking
0%
Smoochum Kiss
0%
Mantine Kite
0%
Mantyke Kite
0%
Skitty Kitten
0%
Uxie Knowledge
0%
Lampent Lamp
0%
Gible Land Shark
0%
Dunsparce Land Snake
0%
Tapu Koko Land Spirit
0%
Tapu Lele Land Spirit
0%
Tapu Bulu Land Spirit
0%
Tapu Fini Land Spirit
0%
Grubbin Larva
0%
Blipbug Larva
0%
Celesteela Launch
0%
Slugma Lava
0%
Magcargo Lava
0%
Heatran Lava Dome
0%
Slaking Lazy
0%
Chikorita Leaf
0%
Bayleef Leaf
0%
Swadloon Leaf-Wrapped
0%
Arcanine Legendary
0%
Lickitung Licking
0%
Lickilicky Licking
0%
Xerneas Life
0%
Lanturn Light
0%
Ampharos Light
0%
Jolteon Lightning
0%
Electrike Lightning
0%
Dreepy Lingering
0%
Litleo Lion Cub
0%
Pheromosa Lissome
0%
Teddiursa Little Bear
0%
Magby Live Coal
0%
Yungoos Loitering
0%
Cubone Lonely
0%
Furret Long Body
0%
Relicanth Longevity
0%
Ariados Long Leg
0%
Girafarig Long Neck
0%
Phanpy Long Nose
0%
Aipom Long Tail
0%
Ambipom Long Tail
0%
Watchog Lookout
0%
Exploud Loud Noise
0%
Herdier Loyal Dog
0%
Cresselia Lunar
0%
Chandelure Luring
0%
Garchomp Mach
0%
Mismagius Magical
0%
Magnemite Magnet
0%
Magneton Magnet
0%
Magnezone Magnet Area
0%
Moltres-Galar Malevolent
0%
Grumpig Manipulate
0%
Gothorita Manipulate
0%
Scyther Mantis
0%
Roggenrola Mantle
0%
Banette Marionette
0%
Mienfoo Martial Arts
0%
Mienshao Martial Arts
0%
Meditite Meditate
0%
Medicham Meditate
0%
Emboar Mega Fire Pig
0%
Scolipede Megapede
0%
Golem Megaton
0%
Basculin-White-Striped Mellow
0%
Meloetta Melody
0%
Slurpuff Meringue
0%
Tinkatink Metalsmith
0%
Minior Meteor
0%
Lunatone Meteorite
0%
Solrock Meteorite
0%
Miltank Milk Cow
0%
Mime Jr. Mime
0%
Tatsugiri Mimicry
0%
Hoopa Confined" Mischief
0%
Duosion Mitosis
0%
Skrelp Mock Kelp
0%
Dragalge Mock Kelp
0%
Shuckle Mold
0%
Diglett Mole
0%
Dugtrio Mole
0%
Drilbur Mole
0%
Lunala Moone
0%
Umbreon Moonlight
0%
Mothim Moth
0%
Skiddo Mount
0%
Gogoat Mount
0%
Rattata Mouse
0%
Raticate Mouse
0%
Pikachu Mouse
0%
Raichu Mouse
0%
Sandshrew Mouse
0%
Sandslash Mouse
0%
Mudkip Mud Fish
0%
Marshtomp Mud Fish
0%
Swampert Mud Fish
0%
Reuniclus Multiplying
0%
Timburr Muscular
0%
Gurdurr Muscular
0%
Conkeldurr Muscular
0%
Paras Mushroom
0%
Parasect Mushroom
0%
Shroomish Mushroom
0%
Breloom Mushroom
0%
Foongus Mushroom
0%
Amoonguss Mushroom
0%
Chatot Music Note
0%
Starmie Mysterious
0%
Xatu Mystic
0%
Flygon Mystic
0%
Cosmog Nebula
0%
Lumineon Neon
0%
Mew New Species
0%
Ninjask Ninja
0%
Greninja Ninja
0%
Numel Numb
0%
Leavanny Nurturing
0%
Yanmega Ogre Darner
0%
Drapion Ogre Scorpion
0%
Anorith Old Shrimp
0%
Zygarde Order
0%
Boldore Ore
0%
Malamar Overturning
0%
Hoothoot Owl
0%
Noctowl Owl
0%
Smeargle Painter
0%
Genesect Paleozoic
0%
Nihilego Parasite
0%
Kangaskhan Parent
0%
Wobbuffet Patient
0%
Piplup Penguin
0%
Prinplup Penguin
0%
Eiscue Penguin
0%
Spritzee Perfume
0%
Swinub Pig
0%
Mankey Pig Monkey
0%
Primeape Pig Monkey
0%
Kingler Pincer
0%
Scizor Pincer
0%
Darkrai Pitch-Black
0%
Drampa Placid
0%
Rotom Plasma
0%
Armaldo Plate
0%
Monferno Playful
0%
Pancham Playful
0%
Happiny Playhouse
0%
Bidoof Plump Mouse
0%
Swalot Poison Bag
0%
Beedrill Poison Bee
0%
Wooper-Paldea Poison Fish
0%
Koffing Poison Gas
0%
Weezing Poison Gas
0%
Venomoth Poison Moth
0%
Dustox Poison Moth
0%
Nidoran♀ Poison Pin
0%
Nidorina Poison Pin
0%
Nidoran♂ Poison Pin
0%
Nidorino Poison Pin
0%
Poipole Poison Pin
0%
Naganadel Poison Pin
0%
Azurill Polka Dot
0%
Surskit Pond Skater
0%
Furfrou Poodle
0%
Brionne Pop Star
0%
Comfey Posy Picker
0%
Staraptor Predator
0%
Delcatty Prim
0%
Necrozma Prism
0%
Cosmoem Protostar
0%
Tirtouga Prototurtle
0%
Carracosta Prototurtle
0%
Unfezant Proud
0%
Abra Psi
0%
Kadabra Psi
0%
Alakazam Psi
0%
Pumpkaboo Pumpkin
0%
Gourgeist Pumpkin
0%
Hitmonchan Punching
0%
Toxtricity Punk
0%
Shuppet Puppet
0%
Growlithe Puppy
0%
Lillipup Puppy
0%
Rockruff Puppy
0%
Yamper Puppy
0%
Buneary Rabbit
0%
Lopunny Rabbit
0%
Scorbunny Rabbit
0%
Raboot Rabbit
0%
Sizzlipede Radiator
0%
Centiskorch Radiator
0%
Dottler Radome
0%
Ho-Oh Rainbow
0%
Stakataka Rampart
0%
Maschiff Rascal
0%
Corvisquire Raven
0%
Corviknight Raven
0%
Serperior Regal
0%
Luvdisc Rendezvous
0%
Giratina Renegade
0%
Duskull Requiem
0%
Espurr Restraint
0%
Inkay Revolving
0%
Krabby River Crab
0%
Geodude Rock
0%
Graveler Rock
0%
Bagon Rock Head
0%
Dwebble Rock Inn
0%
Regirock Rock Peak
0%
Larvitar Rock Skin
0%
Onix Rock Snake
0%
Crawdaunt Rogue
0%
Rabsca Rolling
0%
Togedemaru Roly-Poly
0%
Slowking Royal
0%
Pyroar Royal
0%
Tyrunt Royal Heir
0%
Aegislash Royal Sword
0%
Corphish Ruffian
0%
Arrokuda Rush
0%
Linoone Rushing
0%
Oranguru Sage
0%
Palossand Sand Castle
0%
Sandygast Sand Heap
0%
Silicobra Sand Snake
0%
Sandaconda Sand Snake
0%
Carvanha Savage
0%
Vivillon Scale
0%
Jangmo-o Scaly
0%
Hakamo-o Scaly
0%
Kommo-o Scaly
0%
Cacturne Scarecrow
0%
Cinccino Scarf
0%
Scatterbug Scatterdust
0%
Spewpa Scatterdust
0%
Talonflame Scorching
0%
Skorupi Scorpion
0%
Growlithe-Hisui Scout
0%
Sentret Scout
0%
Patrat Scout
0%
Meowth Scratch Cat
0%
Misdreavus Screech
0%
Tyrogue Scuffle
0%
Kyogre Sea Basin
0%
Dhelmise Sea Creeper
0%
Pyukumuku Sea Cucumber
0%
Phione Sea Drifter
0%
Manaphy Seafaring
0%
Wingull Seagull
0%
Lileep Sea Lily
0%
Seel Sea Lion
0%
Dewgong Sea Lion
0%
Popplio Sea Lion
0%
Oshawott Sea Otter
0%
Shellos Sea Slug
0%
Gastrodon Sea Slug
0%
Deerling Season
0%
Sawsbuck Season
0%
Pincurchin Sea Urchin
0%
Buizel Sea Weasel
0%
Floatzel Sea Weasel
0%
Inteleon Secret Agent
0%
Sunkern Seed
0%
Hattrem Serene
0%
Orbeetle Seven Spot
0%
Sewaddle Sewing
0%
Gengar Shadow
0%
Pawniard Sharp Blade
0%
Sneasel Sharp Claw
0%
Weavile Sharp Claw
0%
Shedinja Shed
0%
Scraggy Shedding
0%
Wooloo Sheep
0%
Dubwool Sheep
0%
Goodra-Hisui Shell Bunker
0%
Blastoise Shellfish
0%
Kabuto Shellfish
0%
Kabutops Shellfish
0%
Accelgor Shell Out
0%
Shieldon Shield
0%
Bastiodon Shield
0%
Fomantis Sickle Grass
0%
Hatterene Silent
0%
Flabébé Single Bloom
0%
Floette Single Bloom
0%
Heracross Single Horn
0%
Barraskewda Skewer
0%
Stunky Skunk
0%
Skuntank Skunk
0%
Rayquaza Sky High
0%
Emolga Sky Squirrel
0%
Slakoth Slacker
0%
Snorlax Sleeping
0%
Grimer Sludge
0%
Muk Sludge
0%
Wishiwashi Small Fry
0%
Shelmet Snail
0%
Sliggoo-Hisui Snail
0%
Ekans Snake
0%
Chewtle Snapping
0%
Snorunt Snow Hat
0%
Froslass Snow Land
0%
Vanilluxe Snowstorm
0%
Goomy Soft Tissue
0%
Sliggoo Soft Tissue
0%
Primarina Soloist
0%
Noibat Sound Wave
0%
Noivern Sound Wave
0%
Gorebyss South Sea
0%
Luxio Spark
0%
Palkia Spatial
0%
Voltorb-Hisui Sphere
0%
Electrode-Hisui Sphere
0%
Togepi Spike Ball
0%
Rhyhorn Spikes
0%
Lilligant-Hisui Spinning
0%
Quilladin Spiny Armor
0%
Chesnaught Spiny Armor
0%
Chespin Spiny Nut
0%
Omanyte Spiral
0%
Omastar Spiral
0%
Yamask Spirit
0%
Zorua-Hisui Spiteful Fox
0%
Magmar Spitfire
0%
Spinda Spot Panda
0%
Panpour Spray
0%
Pinsir Stag Beetle
0%
Vikavolt Stag Beetle
0%
Gumshoos Stakeout
0%
Starly Starling
0%
Staravia Starling
0%
Staryu Star Shape
0%
Cleffa Star Shape
0%
Dragapult Stealth
0%
Volcanion Steam
0%
Gulpin Stomach
0%
Crustle Stone Home
0%
Cinderace Striker
0%
Spinarak String Spit
0%
Bewear Strong Arm
0%
Zapdos-Galar Strong Legs
0%
Phantump Stump
0%
Excadrill Subterrene
0%
Sunflora Sun
0%
Espeon Sun
0%
Volcarona Sun
0%
Solgaleo Sunne
0%
Machop Superpower
0%
Machoke Superpower
0%
Machamp Superpower
0%
Swellow Swallow
0%
Piloswine Swine
0%
Buzzwole Swollen
0%
Honedge Sword
0%
Doublade Sword
0%
Bisharp Sword Blade
0%
Unown Symbol
0%
Type: Null Synthetic
0%
Silvally Synthetic
0%
Poliwag Tadpole
0%
Poliwhirl Tadpole
0%
Poliwrath Tadpole
0%
Tympole Tadpole
0%
Clobbopus Tantrum
0%
Passimian Teamwork
0%
Dialga Temporal
0%
Milotic Tender
0%
Roselia Thorn
0%
Simisage Thorn Monkey
0%
Ferrothorn Thorn Pod
0%
Ferroseed Thorn Seed
0%
Raikou Thunder
0%
Electivire Thunderbolt
0%
Zebstrika Thunderbolt
0%
Zeraora Thunderclap
0%
Purugly Tiger Cat
0%
Celebi Time Travel
0%
Combee Tiny Bee
0%
Pidgey Tiny Bird
0%
Spearow Tiny Bird
0%
Natu Tiny Bird
0%
Rookidee Tiny Bird
0%
Turtwig Tiny Leaf
0%
Pichu Tiny Mouse
0%
Pidove Tiny Pigeon
0%
Zigzagoon Tiny Raccoon
0%
Fletchling Tiny Robin
0%
Taillow Tiny Swallow
0%
Squirtle Tiny Turtle
0%
Larvesta Torch
0%
Salandit Toxic Lizard
0%
Salazzle Toxic Lizard
0%
Croagunk Toxic Mouth
0%
Toxicroak Toxic Mouth
0%
Nincada Trainee
0%
Ditto Transform
0%
Lapras Transport
0%
Stunfisk Trap
0%
Trubbish Trash Bag
0%
Garbodor Trash Heap
0%
Zorua Tricky Fox
0%
Dodrio Triple Bird
0%
Amaura Tundra
0%
Aurorus Tundra
0%
Wimpod Turn Tail
0%
Wartortle Turtle
0%
Axew Tusk
0%
Doduo Twin Bird
0%
Mamoswine Twin Tusk
0%
Binacle Two-Handed
0%
Morpeko Two-Sided
0%
Ponyta-Galar Unique Horn
0%
Rapidash-Galar Unique Horn
0%
Braviary Valiant
0%
Reshiram Vast White
0%
Leafeon Verdant
0%
Vibrava Vibration
0%
Palpitoad Vibration
0%
Seismitoad Vibration
0%
Victini Victory
0%
Perrserker Viking
0%
Tangela Vine
0%
Tangrowth Vine
0%
Porygon Virtual
0%
Porygon2 Virtual
0%
Porygon-Z Virtual
0%
Quilava Volcano
0%
Typhlosion Volcano
0%
Entei Volcano
0%
Zacian Warrior
0%
Zamazenta Warrior
0%
Pelipper Water Bird
0%
Ducklett Water Bird
0%
Dewpider Water Bubble
0%
Araquanid Water Bubble
0%
Wooper Water Fish
0%
Quagsire Water Fish
0%
Clauncher Water Gun
0%
Sobble Water Lizard
0%
Drizzile Water Lizard
0%
Lotad Water Weed
0%
Castform Weather
0%
Oddish Weed
0%
Gloom Weed
0%
Barboach Whiskers
0%
Whiscash Whiskers
0%
Whismur Whisper
0%
Swanna White Bird
0%
Shiftry Wicked
0%
Tauros Wild Bull
0%
Farfetch'd Wild Duck
0%
Sirfetch'd Wild Duck
0%
Vigoroth Wild Monkey
0%
Tranquill Wild Pigeon
0%
Azelf Willpower
0%
Nuzleaf Wily
0%
Impidimp Wily
0%
Chimecho Wind Chime
0%
Whimsicott Windveiled
0%
Finneon Wing Fish
0%
Jirachi Wish
0%
Lycanroc Wolf
0%
Treecko Wood Gecko
0%
Grovyle Wood Gecko
0%
Pikipek Woodpecker
0%
Mareep Wool
0%
Flaaffy Wool
0%
Crabominable Woolly Crab
0%
Caterpie Worm
0%
Wurmple Worm
0%
Snom Worm
0%
Hawlucha Wrestling
0%
Combusken Young Fowl
0%
Darumaka Zen Charm
0%
Darmanitan-Galar Zen Charm
0%
No matching quizzes found
Score Distribution
Percent of People with Each Score
Percentile by Number Answered
Your Score History
You have not taken this quiz